000 00900nam a2200289 i 4500
001 bg
003 BPK
005 20211231085816.0
008 030123s2001 pl f f |000 0 pol
015 _aPB 2003/1571
020 _a8301123397
040 _cBPK
041 0 _apol
080 _a339.7
080 _a(075.8)
100 1 _aZabielski, Kazimierz
_d(1932-2014)
_eAutor
245 1 0 _aFinanse międzynarodowe /
_cKazimierz Zabielski.
250 _aWyd. 2, popr. i uzup., dodr. 4.
260 _aWarszawa :
_bWydaw. Naukowe PWN,
_c2001.
300 _a363, [1] s. ;
_c21 cm.
504 _aBibliogr. przy rozdz.
655 4 _aPodręczniki akademickie
650 4 _aFinanse międzynarodowe
710 2 _aWydawnictwo Naukowe PWN
_4pbl.
942 _2UKD
_cKS
856 _uhttp://koha.tu.koszalin.pl/cgi-bin/koha/opac-detail.pl?biblionumber=45193
_yKatalog online BPK
999 _c45193
_d45193